000
00313nam a22001337a 4500
008
170401b xxu||||| |||| 00| 0 eng d
020
_a
9789280810295
041
_a
eng
080
_a
574
100
_a
9
101
_a
SHM
245
_a
THE GLOBAL ENVIRONMENTAL TWENTY-FIRST CENTURY
_c
CHASEK, P.S
942
_2
udc
_c
BK
999
_c
9450
_d
9450